<?xml version="1.0" encoding="UTF-8"?>
<record
    xmlns:xsi="http://www.w3.org/2001/XMLSchema-instance"
    xsi:schemaLocation="http://www.loc.gov/MARC21/slim http://www.loc.gov/standards/marcxml/schema/MARC21slim.xsd"
    xmlns="http://www.loc.gov/MARC21/slim">

  <leader>02109nam a2200265 i 4500</leader>
  <controlfield tag="001">23224877</controlfield>
  <controlfield tag="005">20250603074859.0</controlfield>
  <controlfield tag="008">230712s2019    nju           000 0 eng  </controlfield>
  <datafield tag="010" ind1=" " ind2=" ">
    <subfield code="a">  2023394376</subfield>
  </datafield>
  <datafield tag="020" ind1=" " ind2=" ">
    <subfield code="a">9781119504306</subfield>
  </datafield>
  <datafield tag="020" ind1=" " ind2=" ">
    <subfield code="a">9781119503408</subfield>
  </datafield>
  <datafield tag="040" ind1=" " ind2=" ">
    <subfield code="a">DLC</subfield>
    <subfield code="b">eng</subfield>
    <subfield code="e">rda</subfield>
    <subfield code="c">DLC</subfield>
  </datafield>
  <datafield tag="042" ind1=" " ind2=" ">
    <subfield code="a">pcc</subfield>
  </datafield>
  <datafield tag="050" ind1="0" ind2="0">
    <subfield code="a">HF5635</subfield>
    <subfield code="b">.W52423 2019</subfield>
  </datafield>
  <datafield tag="100" ind1=" " ind2=" ">
    <subfield code="a">Weygandt, Jerry J.</subfield>
    <subfield code="e">author.</subfield>
    <subfield code="9">21703</subfield>
  </datafield>
  <datafield tag="245" ind1="1" ind2="0">
    <subfield code="a">Financial accounting with international financial reporting standards </subfield>
    <subfield code="c">/ Jerry J. Weygandt, PhD, CPA, Paul D. Kimmel, PhD, CPA, Donald E. Kieso, PhD, CPA.</subfield>
  </datafield>
  <datafield tag="250" ind1=" " ind2=" ">
    <subfield code="a">Fourth edition.</subfield>
  </datafield>
  <datafield tag="264" ind1=" " ind2="1">
    <subfield code="a">Hoboken, NJ :</subfield>
    <subfield code="b">Wiley,</subfield>
    <subfield code="c">[2019]</subfield>
  </datafield>
  <datafield tag="300" ind1=" " ind2=" ">
    <subfield code="a">1 volume (various pagings) ;</subfield>
    <subfield code="c">28 cm</subfield>
  </datafield>
  <datafield tag="505" ind1=" " ind2=" ">
    <subfield code="a">Accounting in action &#x2014; The recording process &#x2014; Adjusting the accounts &#x2014; Completing the accounting cycle &#x2014; Accounting for merchandise operations &#x2014; Inventories &#x2014; Fraud, internal control, and cash &#x2014; Accounting for receivables &#x2014; Plant assets, natural resources, and intangible assets &#x2014; Current liabilities &#x2014; Non-Current liabilities &#x2014; Corporations: organization, share transactions, and equity &#x2014; Investments &#x2014; Statements of cash flows &#x2014; Financial analysis: the big picture.</subfield>
  </datafield>
  <datafield tag="520" ind1=" " ind2=" ">
    <subfield code="a">The use of International Financial Reporting Standards is growing rapidly, both outside of the United States and within, especially as IFRS incorporates more US GAAP rules. In the newly updated fifth edition of Financial Accounting with International Financial Reporting Standards, a team of accomplished financial practitioners and educators delivers the newest version of their highly anticipated text. This important work offers practical end-of-chapter exercises and practice problems complete with foreign currency examples, as well as an emphasis on non-US companies and examples. It is perfect for accounting students seeking exposure to internationally utilized accounting standards.</subfield>
  </datafield>
  <datafield tag="650" ind1=" " ind2="0">
    <subfield code="a">Accounting</subfield>
    <subfield code="9">103</subfield>
  </datafield>
  <datafield tag="856" ind1=" " ind2=" ">
    <subfield code="u">https://archive.org/details/financial-accounting-with-international-financial-reporting-standards/page/n1/mode/2up</subfield>
    <subfield code="y">Pdf available</subfield>
  </datafield>
  <datafield tag="942" ind1=" " ind2=" ">
    <subfield code="2">lcc</subfield>
  </datafield>
  <datafield tag="952" ind1=" " ind2=" ">
    <subfield code="0">0</subfield>
    <subfield code="1">0</subfield>
    <subfield code="2">lcc</subfield>
    <subfield code="4">0</subfield>
    <subfield code="7">0</subfield>
    <subfield code="a">TBS</subfield>
    <subfield code="b">TBS</subfield>
    <subfield code="d">2025-06-03</subfield>
    <subfield code="l">0</subfield>
    <subfield code="r">2025-06-03</subfield>
    <subfield code="t">1</subfield>
    <subfield code="u">https://archive.org/details/financial-accounting-with-international-financial-reporting-standards/mode/2up</subfield>
    <subfield code="w">2025-06-03</subfield>
    <subfield code="y">EBOOK</subfield>
    <subfield code="z">Pdf available</subfield>
  </datafield>
  <datafield tag="999" ind1=" " ind2=" ">
    <subfield code="c">4710</subfield>
    <subfield code="d">4710</subfield>
  </datafield>
</record>
